000 00469nam a22001697a 4500
005 20251108164226.0
008 250721s1983 xx 000 0 ara d
082 1 4 _a618.2/محم
100 1 _aرفعت، محمد
245 1 0 _aالإنجاب :
_bسلامة و سهولة /
264 1 _aبيروت :
_bمؤسسة عزالدين للطباعة،
_c1983.
300 _a190ص
650 1 7 _aالولادة
650 1 7 _aالحمل
942 _2ddc
_cBK
999 _c6851
_d6851